=LDR 00000nam 2200000 4500 =001 INLIS000000000033009 =005 20130612135005 =008 ***********************************ind** =035 ##$$0010-061300000033009 =041 ##$$a ind =082 ##$$a 92 (Boediono) =090 ##$$a 92 (Boediono), Sum b =100 ##$$a Soempeno, Femi Adi =245 ##$$a Boediono, Saya Bukan Neolib, Femi Adi Soempeno =260 ##$$a 2010 $b Yogyakarta =300 ##$$a 298 hlm, 22 cm =650 ##$$a Biografi =850 ##$$a NBPNMAT =990 ##$$a 0001/BPAP-NTB/20142015